Star Wars: The Clone Wars Characters by quote #2 - Statistics

General Stats
  • This quiz has been taken 30 times
  • The average score is 14 of 25
Answer Stats
Quote Answer % Correct
"You can kill me, but you will never destroy me. It takes strength to resist the dark side. Only the weak embrace it." Obi-Wan Kenobi
100%
"With all due respect, General, if someone comes to our home, they'd better be carrying a big blaster." Captain Rex
96%
"Tup is my friend. He's not a number." Fives
88%
"I've done a lot of things, young man. And choose to remember them in order of importance. The death of your mother seems to have escaped me." Count Dooku
85%
"Your mind will speak, or it will break. Tell me. Who is this Ahsoka Tano?" Darth Maul
85%
"Brother, I am an unworthy apprentice. I'm not like you. I never was." Savage Opress
81%
"Why not let him go? Let him die, and you will stop all that I will do." Emperor Palpatine
77%
"Commander Rex, you're in violation of Order 66. I accuse you of treason against the Grand Army of the Republic." Jesse
77%
"I'm sorry, citizen. These matters are for the Council to discuss." Mace Windu
77%
"You are the Chosen One. You have brought balance to this world. Stay on this path and you will do it again for the galaxy. But beware your heart." The Father
73%
"This one is strong. A perfect male specimen. Oh, such hate, the sheer power of it." Mother Talzin
65%
"I did it because I've come to realize what many people in the Republic have come to realize. That the Jedi are the ones responsible for this war. Barriss Offee
62%
"How quickly power can change hands. Surrender and I promise you will die quickly." General Grievous
58%
"Live to fight another day, boys. Live to fight another day." Hardcase
58%
"Why don't you pick on someone NOT your size?" Wrecker
50%
"Kidnapping innocent children? Seems like a small-time crime for the likes of you." Cad Bane
46%
"If your plans were so good, why did Commander Cody have to call us in?" Crosshair
46%
"The Sith killed each other, victims of their own greed. But from the ashes of destruction, I was the last survivor. I chose to pass my knowledge onto only one, I created a legacy so resilient, that now you come before me." Darth Bane
46%
"Without involvement from the Separatists, if this is an internal affair for the Mandalorians, I'm afraid we cannot help." Ki-Adi-Mundi
38%
"I know my past is checkered, but I promise you I take full responsibility for my people, and my heart now bleeds for your pain. However, from this point on, Mandalore will be strong, and we will be known as the warriors we were always meant to be!" Almec
31%
"Oh, I could think of one for you right now, sir." Cutup
27%
"I can tell you what I believe. I believe you will bring balance to the Force. That you will face your demons and save the universe." Qui-Gon Jinn
27%
"Come on, then! Who will strike first and brand themselves a cold-blooded killer?" Tal Merrik
19%
"Turn back now. Retreat while you can, for I am your doom." Trench
15%
"All this deception. Can't you see? Because... because..." Silman
0%
No matching quizzes found
Score Distribution
Percent of People with Each Score
Percentile by Number Answered
Your Score History
You have not taken this quiz